[Event "Podolsk GMA-qual"]
[Site "Podolsk"]
[Date "1989.??.??"]
[Round "?"]
[White "Kuzmin, Alexey"]
[Black "Gorelov, Sergey G"]
[Result "1/2-1/2"]
[WhiteElo "2475"]
[BlackElo "2450"]

1.d4 Nf6 2.c4 e6 3.Nf3 d5 4.Nc3 c6 5.e3 Nbd7 6.Qc2 Bd6 7.Be2 O-O 8.O-O Re8
9.Rd1 Qe7 10.b3 dxc4 11.Bxc4 b5 12.Bd3 Bb7 13.Bb2 a6 14.e4 e5 15.Ne2 g6 16.dxe5 Nxe5
17.Nxe5 Bxe5 18.Bxe5 Qxe5 19.f3 Rad8 20.Qc3 Nd7 21.Rd2 Qxc3 22.Nxc3 Kf8 23.Be2 Nc5
24.Rad1 Rxd2 25.Rxd2 Ke7 26.Kf2 Bc8 27.Ke3 Be6 28.f4 f6 29.Bf3 Nd7 30.h4 h6
31.Ne2  1/2-1/2

[Event "Podolsk GMA-qual"]
[Site "Podolsk"]
[Date "1989.??.??"]
[Round "?"]
[White "Yakovich, Yuri"]
[Black "Sorokin, Maxim"]
[Result "1/2-1/2"]
[WhiteElo "2450"]
[BlackElo "2420"]

1.d4 d5 2.c4 e6 3.Nc3 c6 4.Nf3 Nf6 5.e3 Nbd7 6.Bd3 dxc4 7.Bxc4 b5 8.Bd3 Bb7
9.e4 b4 10.Na4 c5 11.e5 Nd5 12.Nxc5 Nxc5 13.dxc5 Bxc5 14.O-O h6 15.Nd2 O-O
16.Nc4 Ne7 17.Nd6 Bxd6 18.exd6 Nd5 19.Qg4 f5 20.Qg3 f4 21.Qg6 Qxd6 22.Qh7+ Kf7  1/2-1/2

[Event "Rubinstein mem"]
[Site "Polanica Zdroj"]
[Date "1989.??.??"]
[Round "14"]
[White "Siekanski, Janusz"]
[Black "Matlak, Marek"]
[Result "1/2-1/2"]
[WhiteElo "2340"]
[BlackElo "2420"]

1.d4 d5 2.c4 e6 3.Nf3 Nf6 4.Nc3 c6 5.e3 Nbd7 6.Bd3 dxc4 7.Bxc4 b5 8.Bd3 Bb7
9.O-O a6 10.e4 c5 11.e5  1/2-1/2

[Event "Portoroz"]
[Site "Portoroz"]
[Date "1989.??.??"]
[Round "?"]
[White "Plesec, Damjan"]
[Black "Crepan, Marjan"]
[Result "1-0"]
[WhiteElo "2265"]
[BlackElo "2305"]

1.d4 d5 2.c4 c6 3.Nc3 Nf6 4.e3 e6 5.Nf3 Nbd7 6.Bd3 dxc4 7.Bxc4 b5 8.Bd3 a6
9.Ne4 c5 10.dxc5 Nxc5 11.Nxc5 Bxc5 12.a3 Bb7 13.b4 Bb6 14.Bb2 Qe7 15.O-O Rd8
16.Qe2 Bc7 17.Rfd1 O-O 18.Rac1 Bb8 19.Bd4 Ne4 20.Bxe4 Bxe4 21.Bc5 Bd6 22.Rxd6 Rxd6
23.Bxd6 Qxd6 24.Qd2 Qe7 25.Qd4 Bxf3 26.gxf3 Rd8 27.Qe5 h6 28.Rc6 Rd5 29.Rc8+ Kh7
30.Qe4+ f5 31.Qc2 Qg5+ 32.Kf1 Qh5 33.Kg2 e5 34.Rc5 Rd6 35.Rxe5 Rg6+ 36.Kf1 Qxf3
37.Rxf5 Qh3+ 38.Ke2 Qxh2 39.Qe4 Qg1 40.Rf4 h5 41.Rf5 Qg4+ 42.Qxg4 hxg4 43.Rh5+ Rh6
44.Rg5 Rh1 45.e4 Rh3 46.e5 Kg8 47.Rf5 a5 48.e6 Rh6 49.Re5 Kf8 50.bxa5 Ke7
51.a6 Rh8 52.a4 bxa4 53.Ra5 Ra8 54.a7 a3 55.Kd3 a2 56.Kc4 a1=B 57.Rxa1 Kxe6
58.Ra5 Kd6 59.Kb5 Kc7 60.Ka6 Rf8 61.Rc5+ Kd6 62.Kb6 Ra8 63.Ra5  1-0

[Event "Bohemians"]
[Site "Prague"]
[Date "1989.??.??"]
[Round "?"]
[White "Danner, Georg"]
[Black "Pekarek, Ales"]
[Result "0-1"]
[WhiteElo "2400"]
[BlackElo "2465"]

1.d4 d5 2.Nf3 c6 3.c4 Nf6 4.e3 e6 5.Nc3 Nbd7 6.Bd3 dxc4 7.Bxc4 b5 8.Bd3 Bb7
9.O-O a6 10.e4 c5 11.d5 c4 12.dxe6 cxd3 13.exd7+ Qxd7 14.Bg5 Be7 15.e5 Ne4
16.Bxe7 Kxe7 17.Re1 Nxc3 18.bxc3 Qd5 19.Qd2 Rhd8 20.Rad1 Rac8 21.Qg5+ Kf8
22.Nd4 h6 23.Qg3 Rxc3 24.Nf5 g6 25.e6 fxe6 26.Nh4 g5 27.Ng6+ Kf7 28.Ne5+ Kg7
29.Rd2 Qd4 30.h3 Qf4 31.Re3 Qxg3 32.fxg3 Rc2 33.Rdxd3 Rxd3 34.Rxd3 Bd5 35.a3 Rxg2+
36.Kf1 Ra2 37.h4 gxh4 38.gxh4 Kf6 39.Ng4+ Kf5 40.Ne3+ Ke4 41.Rc3 a5 42.Nxd5 exd5
43.Rb3 d4 44.Rxb5 Rxa3 45.Rb6 h5 46.Rb5 d3 47.Ke1 a4 48.Rxh5 Ra2 49.Kd1 a3
50.Rh8 Rh2 51.Re8+ Kf5 52.Rf8+ Kg6  0-1

[Event "Bohemians"]
[Site "Prague"]
[Date "1989.??.??"]
[Round "?"]
[White "Kosic, Dragan"]
[Black "Pekarek, Ales"]
[Result "1-0"]
[WhiteElo "2445"]
[BlackElo "2465"]

1.d4 d5 2.c4 c6 3.Nc3 Nf6 4.e3 e6 5.Nf3 Nbd7 6.Qc2 Be7 7.Be2 dxc4 8.Bxc4 b5
9.Be2 Bb7 10.e4 b4 11.Na4 Rc8 12.e5 Nd5 13.O-O O-O 14.Qe4 c5 15.Bd3 g6 16.Bh6 c4
17.Bxf8 Qxf8 18.Bc2 Bc6 19.Qg4 h5 20.Qg3 Qh6 21.h4 c3 22.bxc3 Bxa4 23.Bxa4 Nxc3
24.Bd1 Ne4 25.Qh3 Nb6 26.Re1 Nd2 27.Nxd2 Qxd2 28.Qe3 Qxe3 29.Rxe3 Nd5 30.Rd3 Bxh4
31.a3 Rc3 32.Rxc3 bxc3 33.g3 Bg5 34.Kf1 Bd2 35.Ke2 Kg7 36.Kd3 Be1 37.Bxh5 Bxf2
38.Bf3 Nc7 39.Bc6 Bxg3 40.Rb1 c2 41.Kxc2  1-0

[Event "CSR-ch int"]
[Site "Prague"]
[Date "1989.??.??"]
[Round "14"]
[White "Bischoff, Klaus"]
[Black "Pekarek, Ales"]
[Result "1/2-1/2"]
[WhiteElo "2505"]
[BlackElo "2465"]

1.d4 d5 2.Nf3 Nf6 3.c4 c6 4.e3 e6 5.Nc3 Nbd7 6.Qc2 Be7 7.Be2 O-O 8.O-O b6
9.e4 dxe4 10.Nxe4 Bb7 11.Nxf6+ Nxf6 12.b3 c5 13.dxc5 bxc5 14.Bb2 h6 15.Ne5  1/2-1/2

[Event "Primorsko op"]
[Site "Primorsko"]
[Date "1989.??.??"]
[Round "?"]
[White "Ranniku, Maaja"]
[Black "Shumiakina, Tatiana"]
[Result "1/2-1/2"]
[WhiteElo "2140"]
[BlackElo "2200"]

1.d4 d5 2.c4 e6 3.Nc3 c6 4.e3 Nf6 5.Nf3 Nbd7 6.Bd3 dxc4 7.Bxc4 b5 8.Bd3 Bb7
9.O-O a6 10.Qe2 c5 11.Rd1 Qb6 12.b3 Be7 13.Bb2 O-O 14.Rac1 Rfd8 15.a4 cxd4
16.Nxd4 b4 17.Nb1 Ne5 18.Bc2 Ne4 19.f3 Nf6 20.Nd2 Bc5 21.Kh1 Rac8 22.a5 Qc7
23.f4 Ng6 24.Nc4 Ne4 25.Nb6 Nc3 26.Bxc3 Bxb6 27.Bxg6 Bxd4 28.Bb2 Bc3 29.Bd3 Qxa5
30.Bc4 Bxb2 31.Qxb2 Qb6 32.Qe2 a5 33.h3 Be4 34.Kh2 h6 35.Ra1 Rxd1 36.Rxd1 Rd8
37.Rxd8+ Qxd8 38.Bb5 Qa8 39.Kg3 Bd5 40.Qb2 Qc8 41.Bd3 f5 42.Kf2 Qc6 43.g4 fxg4
44.hxg4 Bf3 45.g5 hxg5 46.fxg5 Bh5 47.Qe5 Qf3+ 48.Kg1 Qd1+ 49.Bf1 Qxb3 50.g6 Bxg6
51.Qb8+ Kf7 52.Qc7+ Kf6 53.Qd8+ Kf7 54.Qc7+ Kf8 55.Qd6+ Kf7  1/2-1/2

[Event "Reykjavik"]
[Site "Reykjavik"]
[Date "1989.??.??"]
[Round "?"]
[White "Sigfusson, Sigurdur"]
[Black "Thorhallsson, Throstur"]
[Result "0-1"]
[WhiteElo "2310"]
[BlackElo "2415"]

1.c4 Nf6 2.Nc3 e6 3.Nf3 d5 4.d4 c6 5.e3 Nbd7 6.Bd3 dxc4 7.Bxc4 b5 8.Bd3 a6
9.e4 c5 10.e5 cxd4 11.Nxb5 axb5 12.exf6 Qb6 13.fxg7 Bxg7 14.O-O O-O 15.Qe2 Bb7
16.Rd1 b4 17.b3 e5 18.Bf5 Qd6 19.Nd2 Nc5 20.Qg4 Bc8 21.Ne4 Bxf5 22.Qxf5 Nxe4
23.Qxe4 f5 24.Qe1 Rfb8 25.f3 Re8 26.Bd2 Rab8 27.Qf1 d3 28.Rac1 e4 29.fxe4 fxe4
30.Be3 Bd4 31.Bxd4 Qxd4+ 32.Kh1 Rbc8 33.Qf4 Rxc1 34.Rxc1 Rf8  0-1

[Event "Reykjavik"]
[Site "Reykjavik"]
[Date "1989.??.??"]
[Round "?"]
[White "Eingorn, Vereslav S"]
[Black "Sigfusson, Sigurdur"]
[Result "1-0"]
[WhiteElo "2570"]
[BlackElo "2310"]

1.d4 d5 2.c4 e6 3.Nf3 Nf6 4.Nc3 c6 5.e3 Nbd7 6.Qc2 Bd6 7.Be2 O-O 8.O-O dxc4
9.Bxc4 e5 10.Bb3 Qc7 11.h3 a6 12.Bd2 c5 13.dxc5 Nxc5 14.Nd5 Nxd5 15.Bxd5 Qe7
16.Bb4 Rd8 17.Rfd1 Ne6 18.Bxd6 Rxd6 19.Nxe5 Nd8 20.Qe4 Be6 21.Nc4 Rxd5 22.Rxd5 Qb4
23.Rc1 Bxd5 24.Qe8+ Qf8 25.Qxf8+ Kxf8 26.Nb6 Bxg2 27.Nxa8 Bxh3 28.Rc7 Bg4
29.Nb6 Bf3 30.Nc4 Ne6 31.Rd7 Bc6 32.Rd1 f6 33.Kh2 Ke7 34.Kg3 Ng5 35.Nd2 Nf7
36.Nb3 Nd6 37.Nd4 Bd7 38.f3 Nc4 39.b3 Ne5 40.e4 g6 41.Rh1 h5 42.f4 Nc6 43.Nf3 Nb4
44.Rh2 Nd3 45.e5 fxe5 46.Nxe5 Nxe5 47.Re2 Kf6 48.Rxe5 Bf5 49.Re8 Bd7 50.Rf8+ Ke7
51.Rh8 Kf6 52.Rf8+ Ke7 53.Rb8 Bc6 54.f5 gxf5 55.Kf4 Be4 56.Ke5 Kd7 57.Rh8 Kc6
58.Rxh5 Kc5 59.a3 Bc2 60.Rh3 Be4 61.Rc3+ Kb5 62.Kd6 Kb6 63.Rc4 a5 64.Rc8 Kb5
65.Ke5 Kb6 66.Kd4 Kb5 67.Rc5+ Ka6 68.Re5 Bc2 69.Kc4 Be4 70.Re7 Bc2 71.b4 axb4
72.axb4 Kb6 73.Re6+ Kc7 74.Kc5 Kd7 75.Rh6 Be4 76.b5 Ke7 77.Kd4 Kd7 78.Ke5 Kc7
79.b6+ Kd7 80.Rg6 Ke7 81.Rg7+ Ke8 82.Ke6 Kf8 83.Rc7 Kg8 84.Kf6 Kh8 85.Rc8+ Kh7
86.Re8 Bc6 87.Re7+ Kg8 88.Kxf5 Kf8 89.Kf6 Bf3 90.Ke6 Bd5+ 91.Kd6 Bg2 92.Re3  1-0

[Event "Sochi-B"]
[Site "Sochi"]
[Date "1989.??.??"]
[Round "?"]
[White "Tunik, Gennady"]
[Black "Filipenko, Alexander V"]
[Result "1-0"]
[WhiteElo "2470"]
[BlackElo "2380"]

1.d4 d5 2.Nf3 Nf6 3.c4 c6 4.Nc3 e6 5.e3 Nbd7 6.Bd3 dxc4 7.Bxc4 b5 8.Bd3 Bb7
9.O-O a6 10.e4 c5 11.d5 c4 12.Bc2 Qc7 13.Bg5 Bd6 14.Kh1 O-O 15.dxe6 fxe6
16.Nd4 Nc5 17.f4 Nfxe4 18.Nxe4 Nxe4 19.Nxe6 Qc6 20.Qg4 h5 21.Qh3 Rfe8 22.Rae1 Nc5
23.Bf5 g6 24.Nxc5 Bxc5 25.Bd7 Rxe1 26.Rxe1 Qd6 27.Be6+ Kg7 28.f5 b4 29.Qh4 Qd4
30.Qg3 Bd6 31.Be3 Qg4 32.Qf2 Qxg2+ 33.Qxg2 Bxg2+ 34.Kxg2 gxf5 35.Bd4+ Kh6
36.Bd5 Rd8 37.Re6+ Kg5 38.Bf6+  1-0

[Event "Sochi-B"]
[Site "Sochi"]
[Date "1989.??.??"]
[Round "?"]
[White "Sherbakov, Ruslan"]
[Black "Filipenko, Alexander V"]
[Result "1/2-1/2"]
[WhiteElo "2360"]
[BlackElo "2380"]

1.d4 d5 2.c4 c6 3.Nc3 Nf6 4.Nf3 e6 5.e3 Nbd7 6.Bd3 dxc4 7.Bxc4 b5 8.Bd3 Bb7
9.e4 b4 10.Na4 c5 11.e5 Nd5 12.O-O cxd4 13.Re1 a6 14.Nxd4 Qb8 15.Qe2 g6 16.Bg5  1/2-1/2

[Event "Sochi-B"]
[Site "Sochi"]
[Date "1989.??.??"]
[Round "?"]
[White "Tunik, Gennady"]
[Black "Sorokin, Maxim"]
[Result "0-1"]
[WhiteElo "2470"]
[BlackElo "2420"]

1.d4 d5 2.Nf3 Nf6 3.c4 c6 4.Nc3 e6 5.e3 Nbd7 6.Bd3 dxc4 7.Bxc4 b5 8.Bd3 Bb7
9.O-O a6 10.e4 c5 11.d5 c4 12.dxe6 fxe6 13.Bc2 Qc7 14.Qe2 Bd6 15.Re1 Bc5
16.e5 Ng4 17.Ne4 Ngxe5 18.Nfg5 Bd5 19.Bf4 Bd4 20.Nc3 Qb6 21.Nxd5 exd5 22.Rad1 O-O-O
23.Rxd4 Qxd4 24.Ne6 Qxb2 25.Nxd8 Rxd8 26.Bxe5 Qxe5 27.Qxe5 Nxe5 28.Rxe5 d4
29.Bf5+ Kc7 30.Kf1 d3 31.Ke1 g6 32.Be4 Kb6 33.Rd5 Rxd5 34.Bxd5 Kc5 35.Bg8 h6
36.f4 a5 37.Bh7 b4 38.Bxg6 a4 39.Kd2 a3 40.Kc1 Kd4 41.Bh5 b3 42.axb3 c3  0-1

[Event "JUG-ch (Women)"]
[Site "Split"]
[Date "1989.??.??"]
[Round "2"]
[White "Nutu Gajic, Dana"]
[Black "Zivkovic Jocic, Ljubica"]
[Result "1-0"]
[WhiteElo "2320"]
[BlackElo "2075"]

1.Nf3 d5 2.c4 c6 3.e3 Nf6 4.Nc3 e6 5.d4 Bd6 6.Bd3 Nbd7 7.O-O O-O 8.e4 dxe4
9.Nxe4 Nxe4 10.Bxe4 Nf6 11.Bc2 c5 12.Qd3 cxd4 13.Bg5 g6 14.Qxd4 Be7 15.Qh4 Re8
16.Rfd1 Nd7 17.Ba4 f6 18.Qh3 Bf8 19.Ne5 fxg5 20.Bxd7 Qf6 21.Ng4 Qe7 22.Bxe8 e5
23.Bd7  1-0

[Event "Sverdlovsk"]
[Site "Sverdlovsk"]
[Date "1989.??.??"]
[Round "?"]
[White "Lisenko, Alexander V"]
[Black "Machulsky, Anatoly D"]
[Result "0-1"]
[WhiteElo "2355"]
[BlackElo "2465"]

1.c4 e6 2.d4 d5 3.Nc3 c6 4.Nf3 Nf6 5.e3 Nbd7 6.Bd3 dxc4 7.Bxc4 b5 8.Bd3 Bb7
9.O-O Be7 10.e4 b4 11.Na4 c5 12.Nxc5 Nxc5 13.dxc5 Bxc5 14.e5 Nd5 15.Nd2 Be7
16.Qg4 Kf8 17.Ne4 h6 18.Re1 g6 19.h4 Qb6 20.Be3 Nxe3 21.Rxe3 Qd4 22.Rae1 Rd8
23.Rf3 Kg7 24.Rxf7+ Kxf7 25.Nd6+ Rxd6 26.Qxg6+ Kf8 27.exd6 Bxh4 28.g3 Qf6
29.Qg4 Rg8 30.Qxb4 Bxg3  0-1

[Event "SWE-ch"]
[Site "?"]
[Date "1989.??.??"]
[Round "?"]
[White "Engqvist, Thomas"]
[Black "Eriksson, Mats"]
[Result "1/2-1/2"]
[WhiteElo "2305"]
[BlackElo "2255"]

1.d4 d5 2.c4 c6 3.Nc3 e6 4.Nf3 Nf6 5.e3 Nbd7 6.Qc2 Bd6 7.Be2 O-O 8.O-O e5
9.cxd5 cxd5 10.Nb5 Bb8 11.dxe5 Nxe5 12.Bd2 Ne4 13.Be1 a6 14.Nbd4 Qd6 15.Qb3 Nc6
16.Nxc6 bxc6 17.Bb4 c5 18.Ba5 Ng5 19.g3 Ne4 20.Nd2 Nxd2 21.Bxd2 Ba7 22.Rfd1 Rb8
23.Qa3 Bb7 24.Bf3 Qf6 25.Bg2 Rfe8 26.Rac1 d4 27.Bxb7 Rxb7 28.b3 h5 29.Qa4 Rbe7
30.exd4 Re2 31.Rf1 cxd4 32.Rc7 Bb8 33.Rc5 Qf3 34.Qxd4 Ba7 35.Bc3 f6 36.Qc4+ Kh8
37.b4 Bxc5 38.bxc5 h4 39.Qxh4+ Kg8 40.Qc4+ R8e6 41.Bd4 Qe4 42.Qc3 Qc2 43.Qa5 Qxa2
44.Qd8+ Re8 45.Qb6 Qc4 46.Be3 Rc2 47.Qc6 Qe6 48.Qa4 Rc4 49.Qa2 Re4 50.Qa5 Rb8
51.Qc7 Rc8 52.Qa5 Rb8 53.Qc7 Rc8 54.Qa5 Kh7 55.Ra1 Rb8 56.Qd2 Ra8 57.Rc1 Kh8
58.c6 Rc4 59.c7 Rxc1+ 60.Qxc1 a5 61.Qd2 a4 62.Bc5 Re8 63.Qd8 Qe1+ 64.Kg2 Qe4+
65.Kg1 Qe1+ 66.Kg2 Qe4+ 67.Kg1 Qb1+ 68.Kg2 Qb7+ 69.Kg1 Qb1+ 70.Kg2 Qb7+ 71.Kg1 Qc6
72.h4 Kh7 73.Be7 Kg6 74.Kh2 Kf7 75.Bb4 a3 76.c8=Q Qxc8 77.Qxc8 Rxc8 78.Bxa3 Rc2
79.Kg2 Ke6 80.Bf8 g6 81.Bh6 Kf5 82.Bf4 Ke4 83.Be3 f5 84.Bf4  1/2-1/2

[Event "SWE-ch"]
[Site "?"]
[Date "1989.??.??"]
[Round "?"]
[White "Engqvist, Thomas"]
[Black "Renman, Nils Gustaf"]
[Result "1/2-1/2"]
[WhiteElo "2305"]
[BlackElo "2410"]

1.d4 d5 2.c4 c6 3.Nc3 Nf6 4.e3 e6 5.Nf3 Nbd7 6.Qc2 Bd6 7.Be2 O-O 8.O-O Re8
9.Rd1 Qe7 10.e4 dxe4 11.Nxe4 Nxe4 12.Qxe4 e5 13.Bg5 Nf6 14.Bxf6 gxf6 15.dxe5 fxe5
16.Nh4 Bc5 17.Rd3 Bxf2+ 18.Kxf2 f5 19.Nxf5 Bxf5 20.Rg3+ Kh8 21.Qe3 Rad8 22.Kg1 Rd4
23.Rf1 Bg6 24.Rxg6  1/2-1/2

[Event "Tapolca"]
[Site "Tapolca"]
[Date "1989.??.??"]
[Round "?"]
[White "Busch, Klaus"]
[Black "Payen, Arnaud"]
[Result "0-1"]
[WhiteElo "2255"]
[BlackElo "2240"]

1.Nf3 d5 2.c4 c6 3.e3 Nf6 4.Nc3 e6 5.d4 Nbd7 6.Qc2 Bd6 7.e4 dxe4 8.Nxe4 Nxe4
9.Qxe4 Nf6 10.Qd3 h6 11.Bd2 O-O 12.O-O-O Rb8 13.Rg1 Ng4 14.Qe2 Qf6 15.h3 Nh2
16.Ne5 c5 17.Bc3 Nxf1 18.dxc5 Ng3 19.fxg3 Qg5+ 20.Kb1 Bxc5 21.Rgf1 f6 22.Nd7 Qg6+
23.Ka1 Bxd7 24.Rxd7 Qe8 25.Rfd1 Rf7 26.R7d3 a6 27.g4 b5 28.Ba5 Bf8 29.Rd8 Rxd8
30.Rxd8 Qc6 31.Bb4 Qb6 32.a3 Qxd8  0-1

[Event "URS-ch U26"]
[Site "Tbilisi"]
[Date "1989.??.??"]
[Round "?"]
[White "Savchenko, Stanislav"]
[Black "Shirov, Alexei"]
[Result "1/2-1/2"]
[WhiteElo "2480"]
[BlackElo "2450"]

1.d4 d5 2.c4 c6 3.Nc3 Nf6 4.Nf3 e6 5.e3 Nbd7 6.Bd3 dxc4 7.Bxc4 b5 8.Bd3 Bb7
9.a3 b4 10.axb4 Bxb4 11.O-O c5 12.Na2 a5 13.Nxb4 axb4 14.Rxa8 Qxa8 15.dxc5 O-O
16.Be2 Nxc5 17.Qd4 Ba6 18.Bxa6 Nxa6 19.Bd2 Rd8 20.Qc4 Ne4 21.Bxb4 Rc8 22.Qd4 Rd8
23.Qc4 Rc8 24.Qd4  1/2-1/2

[Event "Tilburg"]
[Site "Tilburg"]
[Date "1989.??.??"]
[Round "3"]
[White "Piket, Jeroen"]
[Black "Ljubojevic, Ljubomir"]
[Result "1/2-1/2"]
[WhiteElo "2540"]
[BlackElo "2635"]

1.d4 Nf6 2.Nf3 d5 3.c4 e6 4.Nc3 c6 5.e3 Nbd7 6.Bd3 Be7 7.O-O O-O 8.b3 b6
9.Bb2 Bb7 10.Qc2 Rc8 11.Rac1 g6 12.Rfd1 Qc7 13.e4 dxe4 14.Nxe4 Nxe4 15.Bxe4 Rfd8
16.Qe2 Re8 17.Ne5 Rcd8  1/2-1/2

[Event "Tilburg"]
[Site "Tilburg"]
[Date "1989.??.??"]
[Round "10"]
[White "Hjartarson, Johann"]
[Black "Ivanchuk, Vassily"]
[Result "1/2-1/2"]
[WhiteElo "2555"]
[BlackElo "2660"]

1.d4 Nf6 2.c4 c6 3.Nc3 d5 4.e3 e6 5.Nf3 Nbd7 6.Bd3 dxc4 7.Bxc4 b5 8.Bd3 a6
9.e4 c5 10.e5 cxd4 11.Nxb5 axb5 12.exf6 Bb7 13.fxg7 Bxg7 14.O-O O-O 15.Bxb5 Nc5
16.a4 e5 17.Ra3 Ne6 18.Re1 e4 19.Nd2 f5 20.Bc4 Bd5 21.Rg3 Kh8 22.b3 d3 23.Bxd5 Qxd5
24.Nc4 Rad8 25.Rh3 Bc3  1/2-1/2

[Event "Tirnavia-C"]
[Site "Trnava"]
[Date "1989.??.??"]
[Round "3"]
[White "Kupka, Slavoj"]
[Black "Brandner, Stefan"]
[Result "1/2-1/2"]
[WhiteElo "2375"]
[BlackElo "2270"]

1.d4 d5 2.Nf3 Nf6 3.c4 e6 4.Nc3 c6 5.e3 Be7 6.Bd3 O-O 7.O-O dxc4 8.Bxc4 Nbd7
9.Qe2 b5 10.Bd3 Bb7 11.Rd1 Qc7 12.Bd2 e5 13.Rac1 b4 14.Ne4 a5 15.Be1 c5 16.Qc2 exd4
17.exd4 Nxe4 18.Bxe4 Bxe4 19.Qxe4 Rfe8 20.Qc2  1/2-1/2

[Event "Tirnavia-C"]
[Site "Trnava"]
[Date "1989.??.??"]
[Round "4"]
[White "Drtina, Milan"]
[Black "Raicevic, Momcilo"]
[Result "0-1"]
[WhiteElo "2225"]
[BlackElo "2390"]

1.d4 d5 2.c4 e6 3.Nc3 c6 4.e3 Nf6 5.Nf3 Nbd7 6.Bd3 dxc4 7.Bxc4 b5 8.Bd3 Bb7
9.a3 a6 10.O-O c5 11.Bc2 Be7 12.Re1 O-O 13.b3 Qc7 14.Bb2 Rfd8 15.Qe2 Rac8
16.Rec1 Qb8 17.dxc5 Rxc5 18.Ne1 Rdc8 19.Nd1 Ne5 20.h3 Ng6 21.Bd3 Nh4 22.Rxc5 Rxc5
23.Rc1 Rxc1 24.Bxc1 Qe5 25.f4 Qd5 26.b4 Ne4 27.Qc2 Ng6 28.Bb2 Nd6 29.Nf3 Nc4
30.Bc1 Bf6 31.e4 Qd7 32.Nf2 Qc7 33.e5 Be7 34.Be4 Bxe4 35.Nxe4 Qd7 36.Kh2 h6
37.Nfd2 Ne3 38.Qb3 Qd4 39.Nf3 Nf1+ 40.Kh1 Qxe4  0-1

[Event "Tirnavia-C"]
[Site "Trnava"]
[Date "1989.??.??"]
[Round "5"]
[White "Plachetka, Tomas"]
[Black "Drtina, Milan"]
[Result "0-1"]
[WhiteElo "2200"]
[BlackElo "2225"]

1.d4 d5 2.c4 e6 3.Nc3 c6 4.e3 Nf6 5.Nf3 Nbd7 6.Bd3 Bd6 7.O-O dxc4 8.Bxc4 Qe7
9.e4 e5 10.Bg5 Nb6 11.dxe5 Bxe5 12.Bb3 O-O 13.Qc2 h6 14.Bh4 Re8 15.Nxe5 Qxe5
16.f4 Qc5+ 17.Bf2 Qh5 18.Rae1 Be6 19.Bd4 Bxb3 20.Qxb3 Nfd7 21.Rf3 Kf8 22.Rh3 Qa5
23.Rg3 f6 24.e5 c5 25.Bf2 fxe5 26.fxe5 c4 27.Qc2 Rxe5 28.Rf1 Kg8 29.Bd4 Rg5
30.Rff3 Ne5 31.Re3 Nc6 32.Bxg7 Kxg7 33.h4 Rxg3 34.Rxg3+ Kh8 35.Qg6 Qc5+ 36.Kh2 Qf8
37.Ne4 Ne5 38.Qh5 Qf4 39.Ng5 Qf6 40.Ne4 Qf4 41.Ng5 Qf8 42.Ne4 Nbd7 43.Rg5 Nf7
44.Rf5 Nde5 45.Ng5 Kg8 46.Nxf7 Nxf7 47.Qg6+ Qg7 48.Qe6 Rf8 49.Rf6 Kh8 50.Kh1 b5
51.Qe7 Rg8 52.Rf2 Ne5 53.Qe6 Nd3  0-1

[Event "Tirnavia-C"]
[Site "Trnava"]
[Date "1989.??.??"]
[Round "13"]
[White "Duriga, Stefan"]
[Black "Szymczak, Zbigniew"]
[Result "1/2-1/2"]
[WhiteElo "2295"]
[BlackElo "2400"]

1.d4 d5 2.Nf3 Nf6 3.c4 c6 4.e3 e6 5.Nc3 Nbd7 6.Bd3 Bd6 7.O-O O-O 8.e4 dxc4
9.Bxc4 e5 10.Bb3 Qe7 11.Bg5 h6 12.Bh4 exd4  1/2-1/2

[Event "Val Maubuee"]
[Site "Val Maubuee"]
[Date "1989.??.??"]
[Round "2"]
[White "Kupreichik, Viktor D"]
[Black "Hector, Jonny"]
[Result "1-0"]
[WhiteElo "2520"]
[BlackElo "2485"]

1.c4 c6 2.Nf3 d5 3.e3 Nf6 4.Nc3 e6 5.d4 Ne4 6.Ne5 Bb4 7.Bd2 Nxd2 8.Qxd2 O-O
9.c5 Nd7 10.Nd3 Ba5 11.Be2 Bc7 12.f4 b6 13.b4 bxc5 14.bxc5 f6 15.O-O Rb8
16.Rab1 Rxb1 17.Rxb1 e5 18.Bg4 Re8 19.Bd1 Qe7 20.Ba4 exd4 21.exd4 Qe3+ 22.Qxe3 Rxe3
23.Bxc6 Rxd3 24.Nxd5 Rxd4 25.Nxc7 Kf7 26.Nb5  1-0

[Event "Val Thorens"]
[Site "Val Thorens"]
[Date "1989.??.??"]
[Round "1"]
[White "Michaelsen, Nils"]
[Black "Trabert, Bettina"]
[Result "1/2-1/2"]
[WhiteElo "2345"]
[BlackElo "2200"]

1.d4 d5 2.c4 e6 3.Nf3 c6 4.e3 Nf6 5.Nc3 Nbd7 6.Qc2 Bd6 7.Be2 O-O 8.O-O Qe7
9.e4 dxe4 10.Nxe4 Nxe4 11.Qxe4 h6 12.Bd3 f5 13.Qh4 Qxh4 14.Nxh4 g5 15.Nf3 e5
16.dxe5 Nxe5 17.Nxe5 Bxe5 18.Re1 Bf6  1/2-1/2

[Event "Val Thorens"]
[Site "Val Thorens"]
[Date "1989.??.??"]
[Round "7"]
[White "Chabanon, Jean Luc"]
[Black "Trabert, Bettina"]
[Result "1-0"]
[WhiteElo "2250"]
[BlackElo "2200"]

1.c4 e6 2.d4 d5 3.Nf3 c6 4.e3 Nf6 5.Nc3 Nbd7 6.Bd3 Bd6 7.O-O O-O 8.e4 dxc4
9.Bxc4 e5 10.Bg5 h6 11.Bh4 Qe7 12.Bg3 exd4 13.Bxd6 Qxd6 14.Qxd4 Qxd4 15.Nxd4 Ne5
16.Be2 Bg4 17.f3 Rad8 18.Rfd1 Bc8 19.f4 Ng6 20.g3 Bg4 21.e5 Bxe2 22.Ndxe2 Ng4
23.Rxd8 Rxd8 24.Rd1 Rxd1+ 25.Nxd1 h5 26.h3 Nh6 27.Ne3 Ne7 28.Nd4 Kf8 29.Kf2 g6
30.g4 hxg4 31.hxg4 c5 32.Nb5 Nc6 33.Nd6 b6 34.g5 Ng8 35.Kf3 Nge7 36.Ke4 Nd4
37.Nd5 Nec6 38.a3 Ne6 39.Nc8 Ned4 40.b4  1-0

[Event "Warsaw op"]
[Site "Warsaw"]
[Date "1989.??.??"]
[Round "?"]
[White "Glek, Igor V"]
[Black "Sendera, Jaroslaw"]
[Result "0-1"]
[WhiteElo "2475"]
[BlackElo "2380"]

1.d4 d5 2.c4 c6 3.Nc3 Nf6 4.e3 e6 5.Nf3 Nbd7 6.Qc2 Bd6 7.Be2 O-O 8.O-O Re8
9.Rd1 Qe7 10.e4 Nxe4 11.Nxe4 dxe4 12.Qxe4 e5 13.Bg5 Qf8 14.Bd3 f5 15.Qh4 e4
16.c5 Bxc5 17.dxc5 exf3 18.Bc4+ Kh8 19.Bf4 Qf6 20.Re1 Re4 21.Rxe4 fxe4 22.Qxf6 Nxf6
23.Rd1 Bf5 24.h3 fxg2 25.Kxg2 h6 26.Rd6 Kh7 27.Be5 Nd7 28.Bd4 Re8 29.b4 Ne5
30.Bb3 Nd3 31.b5 cxb5 32.Kh2 Nf4 33.h4 a5 34.c6 bxc6 35.Rxc6 a4 36.Rc7 Nh5
37.Bf7 Rd8 38.Be5 Bg6 39.Bxg6+ Kxg6 40.Rb7 Rd5 41.Rb6+ Kf5 42.Bb8 Nf4 43.Rb7 g5
44.Rb6 gxh4 45.Rxh6 Rd2 46.Ba7 Rxa2 47.Rxh4 b4 48.Be3 Nd3 49.Kg3 b3 50.Bd4 b2
51.Rh1 Ra3  0-1

[Event "Warsaw op"]
[Site "Warsaw"]
[Date "1989.??.??"]
[Round "?"]
[White "Bany, Jerzy"]
[Black "Mnatsakanian, Eduard A"]
[Result "0-1"]
[WhiteElo "2440"]
[BlackElo "2395"]

1.d4 d5 2.Nf3 Nf6 3.c4 c6 4.e3 e6 5.Nc3 Nbd7 6.Qc2 Bd6 7.Be2 O-O 8.O-O dxc4
9.Bxc4 e5 10.h3 Qe7 11.Bb3 Kh8 12.Re1 e4 13.Ng5 Nb6 14.Ngxe4 Bf5 15.f3 Bb4
16.Rf1 Bxc3 17.bxc3 Nbd5 18.c4 Nb4 19.Qd1 Nxe4 20.fxe4 Bxe4 21.Bd2 f5 22.Qh5 Rf6
23.Bd1 Rg6 24.Rf3 Rh6 25.Bxb4 Qxb4 26.Qf7 Rf6 27.Qd7 Qb2 28.Rg3 Rg6  0-1

[Event "DDR-ch 38th"]
[Site "Zittau"]
[Date "1989.??.??"]
[Round "?"]
[White "Boensch, Uwe"]
[Black "Boehnisch, Manfred"]
[Result "1-0"]
[WhiteElo "2490"]
[BlackElo "2295"]

1.d4 d5 2.c4 c6 3.e3 Nf6 4.Nc3 e6 5.Nf3 Nbd7 6.Bd3 dxc4 7.Bxc4 b5 8.Bd3 a6
9.e4 Bb7 10.e5 Nd5 11.Nxd5 cxd5 12.Ng5 Bb4+ 13.Kf1 Nf8 14.h4 h6 15.Nf3 Be7
16.h5 Rc8 17.Rh3 Nh7 18.Rg3 Ng5 19.Nxg5 hxg5 20.Kg1 f5 21.exf6 gxf6 22.Bg6+ Kd7
23.Re3 Rc6 24.Qe2 Bc8 25.Bd2 Qb6 26.Re1 Kc7 27.Bf7 Qxd4 28.Bxe6 Bc5 29.Bxc8 Rxc8
30.Rd3 Qh4 31.Rxd5 b4 32.Rxc5 Rxc5 33.Qxa6 Qd4 34.Qa7+ Kc6 35.Re6+  1-0

[Event "JUG-chT"]
[Site "Zlatibor"]
[Date "1989.??.??"]
[Round "?"]
[White "Maksimovic, Branimir"]
[Black "Todorovic, Milorad"]
[Result "0-1"]
[WhiteElo "2350"]
[BlackElo "2410"]

1.d4 d5 2.c4 e6 3.Nf3 Nf6 4.Nc3 c6 5.e3 Nbd7 6.Bd3 dxc4 7.Bxc4 b5 8.Be2 b4
9.Na4 Be7 10.O-O O-O 11.Bd2 Bb7 12.Qc2 a5 13.Rfd1 c5 14.Nxc5 Nxc5 15.dxc5 Be4
16.Qc4 Bd5 17.Qd4 Ne4 18.Rac1 Bf6 19.Ne5 Nxf2 20.Kxf2 Qc7 21.b3 Rad8 22.Qg4 Bxe5
23.Bf3 Bxf3 24.Qxf3 Rd5 25.Be1 Rxc5 26.Rd7 Rc2+ 27.Rxc2 Qxc2+ 28.Qe2 Qc6
29.Ra7 Qc5 30.Qa6 Bxh2 31.Qxa5 Qc2+ 32.Kf1 Qd3+ 33.Kf2 Rc8 34.Qc5 Qd8 35.Qd4 Qg5
36.Qc4 Rd8 37.Kf3 h6 38.g3 Bg1 39.Qf4 Qd5+ 40.Ke2 Qd3+ 41.Kf3 Qd5+ 42.Ke2 Qg2+
43.Bf2 f5 44.Rxg7+ Kxg7 45.Qe5+ Kf7 46.Qc7+ Ke8  0-1

[Event "JUG-chT"]
[Site "Zlatibor"]
[Date "1989.??.??"]
[Round "?"]
[White "Maksimovic, Suzana"]
[Black "Misanovic, Vesna"]
[Result "1-0"]
[WhiteElo "2230"]
[BlackElo "2260"]

1.d4 d5 2.c4 c6 3.Nc3 Nf6 4.e3 e6 5.Nf3 Nbd7 6.Bd3 dxc4 7.Bxc4 b5 8.Bd3 a6
9.e4 c5 10.e5 cxd4 11.Nxb5 Ng4 12.Qa4 Bb7 13.Nbxd4 Qb6 14.O-O Bc5 15.Be3 Bxf3
16.Nxf3 Nxe3 17.fxe3 Bxe3+ 18.Kh1 O-O 19.Qxd7 Rad8 20.Bxh7+ Kxh7 21.Qa4 Kg8
22.Rae1 Bh6 23.b3 Rd5 24.Qh4 Rfd8 25.h3 Qb7 26.Re4 Rd1 27.Rxd1 Rxd1+ 28.Kh2 Qa7
29.Rc4 Qe3 30.Qe4 Qxe4 31.Rxe4 Rd5 32.Rc4 a5 33.Kg1 f6 34.Kf2 Bd2 35.Rd4 Rxd4
36.Nxd4 Kf7 37.Ke2 Bc3 38.Kd3 Be1 39.Nc6 Ke8 40.Kc4 Kd7 41.Kb5 fxe5 42.Nxe5+ Kd6
43.Nf3 Bb4 44.Kc4 Ba3 45.Nd4 Ke5 46.Nc6+ Kf4 47.Nxa5 Kg3 48.Kd4 Kxg2 49.Nc4 Bb4
50.a4 Be1 51.a5 Bf2+ 52.Ke5 Kxh3 53.Kxe6 g5 54.Ne5 g4 55.Nxg4 Kxg4 56.b4 Kf4
57.b5 Ke4 58.b6 Kd3 59.Kd5 Kc3 60.Kc6  1-0